Top 100 Azerbaijani Baby Girls' Names in 2024 - Statistics

General Stats
  • This quiz has been taken 144 times
  • The average score is 12 of 100
Answer Stats
# Name % Correct
3 Məryəm
61%
8 Fatimə
57%
15 Leyla
52%
36 Sara
48%
1 Zəhra
48%
18 Nur
43%
2 Zeynəb
43%
64 Aişə
35%
100 Aysel
30%
44 Nərgiz
30%
49 Sofiya
30%
85 Aliyə
26%
6 Ayla
26%
4 Aylin
26%
76 Əminə
26%
12 Mədinə
26%
10 Mələk
26%
14 Nuray
26%
94 Emiliya
22%
35 Nəzrin
22%
98 Aygün
17%
60 Nigar
17%
73 Sevda
17%
58 Sevinc
17%
67 Arzu
13%
13 Dəniz
13%
43 Dərya
13%
34 Elif
13%
69 Fərəh
13%
59 Lalə
13%
90 Ləman
13%
7 Melisa
13%
71 Nərmin
13%
79 Nilufər
13%
97 Rəna
13%
28 Alina
9%
16 Alisa
9%
53 Aydan
9%
41 Aysu
9%
17 Banu
9%
24 Əsma
9%
32 Fidan
9%
70 Firuzə
9%
61 Həvva
9%
9 İnci
9%
93 İradə
9%
87 Mehri
9%
95 Mehriban
9%
81 Mira
9%
5 Nilay
9%
99 Səbinə
9%
25 Səma
9%
84 Səmra
9%
82 Sevil
9%
20 Xədicə
9%
65 Adel
4%
27 Ahu
4%
26 Asya
4%
21 Ayan
4%
66 Aysun
4%
92 Azra
4%
52 Bahar
4%
78 Cahan
4%
89 Çiçək
4%
72 Əsmər
4%
74 Əsra
4%
86 Fəridə
4%
37 Gülay
4%
38 Günəş
4%
42 Humay
4%
77 İlknur
4%
33 Jasmin
4%
39 Milana
4%
19 Nazlı
4%
68 Selin
4%
51 Sunay
4%
83 Zərifə
4%
50 Zümra
4%
80 Zümrüd
4%
40 Asena
0%
56 Damla
0%
57 Dilək
0%
55 Duyğu
0%
23 Elay
0%
96 Elina
0%
46 Elisa
0%
91 Əsmanur
0%
47 Əsnad
0%
88 Hira
0%
62 İlayda
0%
54 Mehin
0%
48 Milay
0%
11 Miray
0%
29 Narin
0%
45 Nəfəs
0%
63 Ömür
0%
31 Rüqəyya
0%
75 Şəms
0%
30 Sevgi
0%
22 Yağmur
0%
No matching quizzes found
Score Distribution
Percent of People with Each Score
Percentile by Number Answered
Your Score History
You have not taken this quiz